000 006440000a22001810004500
999 _c54396
_d54396
001 768714001
003 CO-MdFUSB
005 20170824123308.0
008 170824s2003 xxu||||| |||| 00| 0 eng d
022 _a0120-3649
040 _aCO-MdFUSB
_bspa
_cCO-MdFUSB
_dCO-MdFUSB
041 _aeng
245 1 0 _aIsraeli scholar bares his fangs-again! :
_bqimron Threatens to Sue García Martínez for character defamation
300 _aVolumen 29. Número 1 (2003), Páginas 34-35
_c28 cm.
546 _aTexto en inglés
773 0 _tBiblical Archaeology Review
_049395
_959459
_gVolumen 29. Número 1 (2003), Páginas 34-35
_qPágina 34
942 _cANA